00522caa a22001572a 4500001000900000003001100009008004300020092001600063100002200079245012400101300001600225500008400241546001300325942000900338999001700347 005590 AR-FADEU 311216n########xxu####################dd a401.9bH236 aSnow, Catherine E aIssues in the study of input : finetuning, Universality, individual and developmental differences, and necessary causes aPP. 180-193 aEn: The Handbook of child language /ed. Paul Fletcher. Oxford : Blackwell, 1995 aInglés cBDGR c11412d11412